01348nam a2200301 ia4500003000400000005001700004008004100021020003800062040002500100082001500125100002800140245003800168264005100206264001100257300002300268336002100291337002500312338002300337490001500360500005800375500005700433520043400490650003000924650002800954650003000982655001901012830001501031OSt20231205110340.0231205t19942015enk j 000 1 eng d a9781407157467cRM11.29qpaperback aPPAKbengcPPAKerda04223a813.541 aStine, R. L., eauthor.10aRETURN of the MUMMY /cR.L. STINE 1aLondon : bScholastic Children's Books, c2015 4c©1994 a114 pages ;c20 cm atext2rdacontent aunmediated2rdamedia avolume2rdacarrier1 aGoosebumps aFirst published in the US by Scholastic, Inc., 1994.  a"Tales of terror from the master of fright!"--Cover. aAfter last year's scary adventure, Gabe's a little nervous about being back in Egypt. Back near the ancient pyramids. Back where he saw all those creepy mummies. Then he learns about an Egyptian superstition. A secret chant that is supposed to bring mummies back to life. Gabe's uncle says it's just a hoax. But now it sounds like something's moving in the mummy's tomb. No way a couple of dumb words can wake the dead. Can they?10aMummiesvJuvenile fiction20aEgyptvJuvenile fiction20aZombiesvJuvenile fiction 7aHorror fiction 0aGoosebumps